000 06514cam a22019094i 4500
003 PE-LiUPU
005 20250813165723.0
008 150625s2008 ck a rb 000 0 spa d
020 _a9589181988
020 _a9789589181980
035 _a(Sirsi) i9789589181980
040 _aPE-LiUPU
_bspa
_cPE-LiUPU
_dPE-LiUPU
_erda
049 _aPRUA
082 0 4 _a610.73
_bA
_221
100 1 _aMalagón-Londoño, Gustavo,
_eautor.
245 1 0 _aAdministración hospitalaria /
_cGustavo Malagón-Londoño, Ricardo Galán Morera y Gabriel Pontón Laverde.
250 _aTercera edición.
264 1 _aBogotá :
_bPanamerica,
_c2008.
300 _a654 páginas :
_bilustraciones ;
_c25 centímetros
336 _atext
_2rdacontent
337 _aunmediated
_2rdamedia
338 _avolume
_2rdacarrier
504 _aIncluye bibliografía.
505 0 _aGeneralidades sobre administración hospitalaria -- El universo del hospital -- Responsabilidad gerencial -- El desarrollo empresarial hospitalario -- La responsabilidad ética del hospital -- Aplicaciones de la epidemiología y evaluación económica de desenlaces en la gestión hospitalaria -- Planeación estratégica en hospitales -- Organización estructural y funcional -- Administración del talento humano -- La estructura física del hospital -- El ambiente del hospital -- La bioseguridad en el hospital -- Mantenimiento y medio ambiente hospitalario -- Ingeniería clínica y gestión tecnológica hospitalaria -- Gestión administrativa, económica y financiera -- Abastecimientos y suministros -- Prevención de pérdidas -- Sistema de información hospitalario -- avance en sistemas de información hospitalaria -- Guías de manejo diagnóstico y terapéutico -- Educación continuada en el hospital-Un deber moral -- Acreditación hospitalaria -- Indicadores de gestión y funcionamiento hospitalario -- La docencia en el hospital -- Eficiencia de la gestión en los servicios de salud -- Promoción de la salud y prevención en el ámbito hospitalario -- La medicina familiar y el hospital: entre el poder y el discernimiento -- Infección nosocomial -- La investigación en hospitales y servicios de salud -- Papel de la enfermera en el hospital -- Riesgos ocupacionales en el hospital -- Administración de conflictos en el hospital -- Evaluación integral de los servicios de salud y educación -- Indicadores y estándares de calidad.
526 _aP203
526 _aP200
526 _aSEG65
526 _aSEG64
526 _aSEG63
526 _aSEG62
526 _aSEG61
526 _aSEG60
526 _aSEG59
526 _aSEG58
526 _aSEG57
526 _aSEG56
526 _aSEG55
526 _aSEG54
526 _aSEG53
526 _aSEG52
526 _aSEG51
526 _aSEG50
526 _aSEG49
526 _aSEG48
526 _aSEG47
526 _aSEG46
526 _aSEG24
526 _aSEG23
526 _aSEG22
526 _aSEG21
526 _aSEG20
526 _aSEG19
526 _aSEG18
526 _aSEG17
526 _aSEG16
526 _aSEG14
526 _aSEG13
526 _aSEG12
526 _aSEG11
526 _aSEG10
526 _aSEG09
526 _aSEG06
526 _aSEG05
526 _aSEG04
526 _aSEG03
526 _aSEG02
526 _aSEG68
526 _aSEG66
526 _aSEG45
526 _aSEG25
526 _aSEG01
526 _aP163
526 _aP162
526 _aP161
526 _aP160
526 _aP159
526 _aP158
526 _aP157
526 _aP156
526 _aP155
526 _aP154
526 _aP153
526 _aP152
526 _aP151
526 _aP150
526 _aP149
526 _aP142
526 _aP141
526 _aP140
526 _aP139
526 _aP138
526 _aP137
526 _aP132
526 _aP131
526 _aP130
526 _aP126
526 _aP125
526 _aP124
526 _aP123
526 _aP115
526 _aP122
526 _aP121
526 _aP116
526 _a P114
526 _aP112
526 _aP111
526 _aP104
526 _aP103
526 _aP102
526 _aP101
526 _aP100
526 _aP96
526 _aP95
526 _aP93
526 _aP92
526 _aP91
526 _aP88
526 _aP83
526 _aP82
526 _aP79
526 _aP78
526 _aP75
526 _aP74
526 _aP71
526 _aP69
526 _a P51
526 _aP49
526 _aP48
526 _aP47
526 _aP33
526 _aP31
526 _a P30
526 _aP29
526 _aP27
526 _aP26
526 _aP25
526 _aP24
526 _a P22
526 _aP10
526 _aP09
526 _a P08
526 _aP06
526 _aP05
526 _aP04
526 _aP01
541 _g015-0010822;
541 _g001-0002802;
541 _g015-0010822;
650 1 4 _aHospitales
_xAdministración.
700 1 _aGalán Morera, Ricardo,
_eautor.
700 1 _aPontón Laverde, Gabriel,
_eautor.
910 _bjv
_cng
_d20090219
942 _2ddc
_cBOOK
949 _a610.73 A
_wDEWEY
_c1
_i59327
_d2016-7-12
_e2016-7-5
_lCCODEBUL1
_mBUL
_n2
_p86.00
_r0
_sY
_tBOOK
_u2015-6-25
_xSALUD
_PP31
_0COMPRA
_o.STAFF. Colección Ciencias de la Salud
949 _a610.73 A
_wDEWEY
_c2
_i60466
_lCCODEBUL1
_mBUL
_r0
_sY
_tBOOK
_u2015-6-25
_xSALUD
_PP22
_0COMPRA
_o.STAFF. Colección Ciencias de la Salud
949 _a610.73 A
_wDEWEY
_c3
_i60729
_lCCODEBUL1
_mBUL
_p38.00
_r0
_sY
_tBOOK
_u2015-6-25
_xSALUD
_PP26
_0COMPRA
_o.STAFF. Colección Ciencias de la Salud
994 _aC0
_bPEPRU
596 _a1
999 _a610.73 A
_wDEWEY
_c48116
_i59327
_d48116
_e2017-9-3
_f2021-11-3
_g5
_lCCODEBUL1
_mBUL
_n3
_p86.00
_q2
_r0
_sY
_tBOOK
_u2015-6-25
_xSALUD
_zP31
_0COMPRA
_o.STAFF. Colección Ciencias de la Salud
999 _a610.73 A
_wDEWEY
_c2
_i60466
_f2021-11-3
_g5
_lCCODEBUL1
_mBUL
_r0
_sY
_tBOOK
_u2015-6-25
_xSALUD
_zP22
_0COMPRA
_o.STAFF. Colección Ciencias de la Salud
999 _a610.73 A
_wDEWEY
_c3
_i60729
_d2019-7-12
_e2019-7-4
_f2021-11-3
_g5
_lCCODEBUL1
_mBUL
_n3
_p38.00
_q1
_r0
_sY
_tBOOK
_u2015-6-25
_xSALUD
_zUNKNOWN
_0COMPRA
_o.STAFF. Colección Ciencias de la Salud
980 _81
_gALBERTO SANCHEZ Responsable de Automatización